Estadísticas para Top 10 Capitales más Occidentales en Europa

Haz click aquí para tomar la prueba!

Estadísticas generales

  • Esta prueba ha sido tomada 3.478 veces
  • La puntuación promedio es 9 de 10

Estadísticas de respuestas

LongitudCapital% Correcto
3°41′OMadrid
99%
9°08'OLisboa
98%
0°07′OLondres
97%
2°21′EParís
97%
6°16′ODublin
94%
4°21′EBruselas
88%
4°54′EÁmsterdam
87%
21°56′OReikiavik
87%
6°07′ELuxemburgo
75%
1°52′EAndorra la Vieja
74%

Distribución de puntuación

Porcentaje por número respondido

Porcentaje de gente con cada puntuación

Historial de tus puntuaciones

No has tomado esta prueba